2014 Graduate programs in physics, astronomy and related fields (Record no. 19069)

MARC details
000 -LEADER
fixed length control field 00682nam a2200181Ia 4500
003 - CONTROL NUMBER IDENTIFIER
control field IN-BaIIA
008 - FIXED-LENGTH DATA ELEMENTS--GENERAL INFORMATION
fixed length control field 211028s9999 xx 000 0 eng d
020 ## - INTERNATIONAL STANDARD BOOK NUMBER
International Standard Book Number 978-0-7354-1177-7
040 ## - CATALOGING SOURCE
Transcribing agency IIA Library
080 ## - UNIVERSAL DECIMAL CLASSIFICATION NUMBER
Universal Decimal Classification number (058)378(73)
Item number GRA
110 ## - MAIN ENTRY--CORPORATE NAME
Corporate name or jurisdiction name as entry element American Institute of Physics
9 (RLIN) 2416
245 #0 - TITLE STATEMENT
Title 2014 Graduate programs in physics, astronomy and related fields
Statement of responsibility, etc. American institute of physics
260 ## - PUBLICATION, DISTRIBUTION, ETC.
Place of publication, distribution, etc. College park
Name of publisher, distributor, etc. American institute of physics
Date of publication, distribution, etc. 2013
300 ## - PHYSICAL DESCRIPTION
Extent v, 728p.
650 ## - SUBJECT ADDED ENTRY--TOPICAL TERM
Topical term or geographic name entry element Astronomy - study and teaching (Higher) United States - directories
9 (RLIN) 32024
650 ## - SUBJECT ADDED ENTRY--TOPICAL TERM
Topical term or geographic name entry element Physics - study and teaching (Higher) -- United States - directories
9 (RLIN) 32025
942 ## - ADDED ENTRY ELEMENTS (KOHA)
Koha item type Books
Holdings
Withdrawn status Lost status Damaged status Not for loan Home library Current library Shelving location Date acquired Source of acquisition Cost, normal purchase price Total Checkouts Full call number Barcode Date last seen Cost, replacement price Price effective from Koha item type Purchase Price
        IIA Library-Bangalore IIA Library-Bangalore General Stacks 08/07/2015 EDS 11927.00   (058)378(73)/ GRA 19991 05/11/2021 11927.00 08/07/2015 Books Rs. 11927.00

Powered by Koha